000 00496nam a2200145 i 4500
001 74357
003 ES-MaACL
005 20230906172114.0
007 t|
008 040917s1922 sp ||||1| spa d
100 1 _aGonzález Núñez, Angel.
_958843
245 1 0 _aRevisión de la densidad normal del gas oxigeno
_b: memoria presentada para optar al grado de Doctor /
_cAngel González Núñez.
260 _aMadrid :
_b[s.n.,
_c1922] (
_fImprenta Clásica Española)
852 _aES-MaACL
_j1638-F-11
999 _c74357
_d74357